A journey to the center of the earth (Record no. 26739)

MARC details
000 -LEADER
fixed length control field 00392nam a2200157Ia 4500
020 ## - INTERNATIONAL STANDARD BOOK NUMBER
ISBN 0- 89577- 402- X
050 ## - CALL MARK
Classification number PZ3.V594J12/
100 ## - STATEMENT OF RESPONSIBILITY--MAIN AUTHOR NAME
Personal name Lars Hokanson
245 #2 - TITLE STATEMENT
Title A journey to the center of the earth
260 ## - PUBLICATION, DISTRIBUTION, ETC. (IMPRINT)
Name of publisher Readers digest association, inc
260 ## - PUBLICATION, DISTRIBUTION, ETC. (IMPRINT)
Year of publication 1992
300 ## - PHYSICAL DESCRIPTION
Number of Pages 280 p
942 ## - ADDED ENTRY ELEMENTS (KOHA)
Koha item type Books
Holdings
Withdrawn status Lost status Source of classification or shelving scheme Damaged status Not for loan Permanent Location Current Location Date acquired Full call number Accession Number Price effective from Koha item type
    Library of Congress Classification     NILE UNIVERSITY OF NIGERIA - MAIN LIBRARY NILE UNIVERSITY OF NIGERIA - MAIN LIBRARY 04/23/2025 PZ3.V594J12 0007021 04/23/2025 Books